La convención interamericana contra la corrupción: anotada y comentada, medidas preventivas por Richard Werksman
में बचाया:
| मुख्य लेखक: | |
|---|---|
| स्वरूप: | पुस्तक |
| भाषा: | स्पेनिश |
| प्रकाशित: |
Buenos Aires
Abeledo-Perrot
1997
|
| विषय: | |
| टैग: |
टैग जोड़ें
कोई टैग नहीं, इस रिकॉर्ड को टैग करने वाले पहले व्यक्ति बनें!
|
MARC
| LEADER | 00000nam a2200000 a 4500 | ||
|---|---|---|---|
| 001 | UCP5533 | ||
| 003 | CL-VaPUC | ||
| 008 | 990927e19970000AG |||||||||||||||||spa|d | ||
| 082 | 0 | 4 | |a 364.132 |b MAN |2 21 |
| 100 | |a Manfroni, Carlos A. |e autor |9 434010 | ||
| 245 | 1 | 3 | |a La convención interamericana contra la corrupción: anotada y comentada, medidas preventivas por Richard Werksman |
| 300 | |a 245 p | ||
| 942 | |c BK | ||
| 945 | |d 19990927 00:00:00 |a vberengu | ||
| 260 | |a Buenos Aires |b Abeledo-Perrot |c 1997 | ||
| 650 | 0 | |a Administración pública |9 255343 | |
| 650 | 0 | |a Bienes |9 255749 | |
| 650 | 0 | |a Corrupción |9 328304 | |
| 650 | 7 | |a EXTRADICION |2 CL-VaPUC |9 256292 | |
| 650 | 0 | |a Jurisdicción |9 255090 | |
| 650 | 7 | |a PATRIMONIO ESTATAL |2 CL-VaPUC |9 384481 | |
| 583 | |a last modification |c 19990927 00:00:00 |k Rodrigo Vera | ||
| 999 | |c 283273 |d 283271 | ||
| 952 | |0 0 |1 0 |4 0 |6 364_132000000000000_MAN_1997 |7 0 |8 A |9 326206 |a BIBDER |b BIBDER |d 2019-11-20 |i 3562816 |l 1 |o 364.132 MAN 1997 |p 3562816 |r 2023-06-05 |s 2023-05-26 |w 2019-11-20 |y BK |k DER | ||